000 00739cab a2200241 4500
001 WB3103-28
008 090401t1995 xxu||||| |||| 00| 0 eng d
035 _a(Sirsi) u70792
041 _aeng
245 4 _aThe rise of a new King Coal
260 _c1995
350 _a0
490 _aWestern Mail
_v16 January 1995, 11(1)
520 _aThe opencast coalfield in South Wales has been bought out by a new company called Celtic Energy which has plans for expansion of opencast mining and the export of technology.
650 _aCELTIC ENERGY
650 _aCOAL INDUSTRY
650 _aOPENCAST MINING
650 _aPRIVATISATION
650 _aSOUTH WALES
690 _aMINING AND MINERALS
942 _n0
948 _c04/03/1997
999 _c44576
_d44576